000 00751nam a22002057a 4500
999 _c8691
_d8691
003 AR-CdUCM
008 190325b ||||| |||| 00| 0 spa d
040 _aMUNICIPALIDAD PROVINCIAL DEL CUSCO
_cBIBLIOTECA MUNICIPAL DEL CUSCO
082 _a869.56 /
_bV23
100 _aVallejo, Cesar
_913046
245 _aCesar Vallejo. Un endroit dans le monde qui s´apelle Paris... :
_banthologie /
260 _aParis :
_bAmbassade du Pérou en France,
_c1988.
300 _a57 páginas ;
_c21 cm.
500 _aAnthologie editée par L´Ambassade du Pérou en France á L´ocasion du cinquantenaire de César Vallejo.
650 _aPoesía
_9139
650 _aAntología poética
_93092
650 _aCesar Vallejo
_9978
942 _2ddc
_cLIBROS
945 _azta